000 00222nam a22000857a 4500
008 160915b xxu||||| |||| 00| 0 eng d
100 _9518
_aKhurana.S
245 _aMathematics Lab-8
260 _aNew Delhi
_bA.I. Publications
_c2011
999 _c3175
_d3175